| 000 | 01991cam a22005414i 4500 | ||
|---|---|---|---|
| 003 | PE-LiUPU | ||
| 005 | 20250731180159.0 | ||
| 008 | 150720s2011 mx a rb 000 0 spa d | ||
| 020 | _a9780201601305 | ||
| 040 |
_aPE-LiUPU _bspa _cPE-LiUPU _dPE-LiUPU _erda |
||
| 049 | _aPRUA | ||
| 082 | 0 | 4 |
_a518.4 _bK51a _223 |
| 100 | 1 |
_aKincaid, David, _eautor. _95183 |
|
| 245 | 1 | 0 |
_aAnálisis numérico : _bLas matemáticas del cálculo cidentífico / _cDavid Kincaid y Ward Cheney; Versión en español de Rafael Martínez Enríquez y Carlos Torres Alcaraz, con la colaboración de Hans Luis Fetter Nathansky. |
| 250 | _aÚnica edición. | ||
| 264 | 1 |
_aBuenos Aires : _bAddison-Wesley Iberoamericana, _c1994. |
|
| 300 |
_avii, 718 páginas ; _c24 centímetros |
||
| 336 |
_atext _2rdacontent |
||
| 337 |
_aunmediated _2rdamedia |
||
| 338 |
_avolume _2rdacarrier |
||
| 504 | _aBibliografía, páginas: 698-708 | ||
| 505 | 0 | _aPreliminares matemáticos -- Aritmética de la computadora -- Solución de ecuaciones no lineales -- Resolución de sistemas de ecuaciones lineales -- Temas selectos del álgebra lineal numérica -- Aproximación de funciones. | |
| 526 | _aSEG44 | ||
| 526 | _aSEG26 | ||
| 526 | _aP159 | ||
| 526 | _aP155 | ||
| 526 | _aP154 | ||
| 526 | _aP153 | ||
| 526 | _aP150 | ||
| 526 | _aP100 | ||
| 526 | _aP31 | ||
| 526 | _aP30 | ||
| 526 | _aP26 | ||
| 526 | _aP25 | ||
| 526 | _aP24 | ||
| 526 | _aP22 | ||
| 526 | _aP15 | ||
| 526 | _aP10 | ||
| 650 | 1 | 4 | _aAnálisis numérico. |
| 650 | 1 | 4 |
_aCálculo científico. _95184 |
| 700 |
_aCheney, Ward, _eautor. _95185 |
||
| 700 |
_aMartínez Enríquez, Rafael, _etraductor. _95186 |
||
| 700 |
_aTorres Alcaraz, Carlos, _etraductor. _95187 |
||
| 942 |
_2ddc _cBK |
||
| 980 |
_618226 _aJaime Vilcazán Jefe de Análisis Documental _81 _gALBERTO SANCHEZ Responsable de Automatización |
||
| 999 |
_c62893 _d62892 |
||